|
|
|
|
| LEADER |
00000ny a22000003n 4500 |
| 005 |
20110225100811.0 |
| 006 |
m u |
| 007 |
cr cn||||||||| |
| 008 |
200903r2008 sp |||||s|||||||||||spa d |
| 020 |
|
|
|a 9788498493306
|
| 035 |
|
|
|a 2736
|
| 040 |
|
|
|a FlNmELB
|c FlNmELB
|d vLex
|
| 080 |
|
|
|a 316.62:796
|
| 090 |
|
|
|c 22
|d 22
|
| 245 |
1 |
0 |
|a Estudios sobre derecho y deporte
|h [Recurso electrn̤ico]
|c Lorenzo Morillas Cueva, Ferrando Mantovani (directores) ; Ignacio Bent̕ez Ortz︢ar (coordinador) ; Roberto Bartoli ... [et al.]
|
| 256 |
|
|
|a Servicio en ln̕ea
|
| 260 |
|
|
|a Madrid :
|b Dykinson,
|c 2008
|
| 506 |
1 |
|
|a Contenido solo disponible en los productos indicados
|d vLex Global
|d vLex Global (Academic Edition, excluding Law Schools)
|d vLex Global (U.S. Academic Edition, Law Schools)
|d vLex Global (U.S. Academic Edition, excluding Law Schools)
|d vLex Global (Academic Edition, Law Schools)
|
| 650 |
0 |
7 |
|a Ley de deporte
|2 Tesauro vLex
|
| 650 |
0 |
7 |
|a Regulacin̤ del deporte
|2 Tesauro vLex
|
| 650 |
0 |
7 |
|a Deporte
|2 Tesauro vLex
|
| 700 |
1 |
|
|a Bartoli, Roberto,
|e aut
|
| 700 |
1 |
|
|a Bent̕ez Ortz︢ar, Ignacio Francisco,
|e coord
|
| 700 |
1 |
|
|a Mantovani, Ferrando,
|e dir
|
| 700 |
1 |
|
|a Morillas Cueva, Lorenzo,
|e dir
|
| 740 |
0 |
|
|a vLex Libros (Servicios en ln̕ea)
|
| 856 |
4 |
0 |
|z Acceso restringido
|u http://vlex.com/source/estudios-derecho-deporte-2736
|
| 942 |
|
|
|c BOOK
|
| 999 |
0 |
|
|a Sports and state
|b Spain
|